Silové prostriedky v medzinárodných vzťahoch a podstata použitia násilia

Fenomén násilia v politike. Systém medzinárodných vzťahov. Právne a morálne zdôvodnenie vojny v dejinách. Mierová koexistencia verzus vojna. Podstata štátneho násilia a vojny. Podstata a príčina použitia násilia medzi ľudskými komunitami. Vojna ako sociálny a ekonomický fenomén.

Gespeichert in:
Bibliographische Detailangaben
1. Verfasser: Šmihula, Daniel
Format: Buchkapitel
Sprache:Slowakisch
Schlagworte:
Tags: Tag hinzufügen
Keine Tags, Fügen Sie das erste Tag hinzu!

MARC

LEADER 00000naa$a2200000$$$4500
001 0014193
005 20231016110457.8
041 0 |a slo 
044 |a SK 
245 1 0 |a Silové prostriedky v medzinárodných vzťahoch a podstata použitia násilia  |c aut. Daniel Šmihula 
520 |a Fenomén násilia v politike. Systém medzinárodných vzťahov. Právne a morálne zdôvodnenie vojny v dejinách. Mierová koexistencia verzus vojna. Podstata štátneho násilia a vojny. Podstata a príčina použitia násilia medzi ľudskými komunitami. Vojna ako sociálny a ekonomický fenomén. 
610 2 0 |a vzťahy politické medzinárodné 
610 2 0 |a vojny 
610 2 0 |a štát 
610 2 0 |a právo medzinárodné 
610 2 0 |a morálka 
610 2 0 |a politika medzinárodná 
100 1 |a Šmihula, Daniel